|
|
|
|
| LEADER |
00843nta a2200217 i 4500 |
| 001 |
dipl91181 |
| 005 |
20200611131416.0 |
| 008 |
200611s2007 hu om 0|| zxx d |
| 040 |
|
|
|a SZTE Diploma Repozitórium
|b hun
|
| 041 |
|
|
|a zxx
|
| 100 |
2 |
|
|a Kádárné Dóbé Csilla
|
| 245 |
1 |
0 |
|a Excel a matematika oktatásában
|h [elektronikus dokumentum] /
|c Csilla Kádárné Dóbé
|
| 246 |
1 |
0 |
|a Excel in mathematical education
|h [elektronikus dokumentum]
|
| 260 |
|
|
|c 2007
|
| 650 |
|
4 |
|a Természettudományok
|
| 650 |
|
4 |
|a Mathematics
|
| 650 |
|
4 |
|a Education, general (including training, pedagogy, didactics)
|
| 650 |
|
4 |
|a Education: systems and institutions, teaching and learning
|
| 650 |
|
4 |
|a School education
|
| 700 |
1 |
|
|a Szilassi Lajos
|e ths
|
| 856 |
4 |
0 |
|u http://diploma.bibl.u-szeged.hu/id/eprint/91181/1/2007_kadarne_dobe_csilla.pdf
|z Dokumentum-elérés
|